| LEADER |
01335nam0a2200229 450 |
| 001 |
16840974 |
| 010 |
|
|
|a 978-2-302-05360-1
|b rel.
|d 10,95
|
| 100 |
|
|
|a 20161109d2026 u u0frey01 ba
|
| 101 |
0 |
|
|a fre
|
| 102 |
|
|
|a FR
|
| 200 |
0 |
|
|a Intrigue à Venise
|f scénario, Audrey Alwett
|g dessin, Nora Moretti - couleurs, Marina Duclos - dessin, Nora Moretti - couleurs, Marina Duclos
|
| 207 |
|
1 |
|a
|
| 210 |
|
|
|a Toulon
|c Soleil
|d DL 2016
|
| 215 |
|
|
|a 1 vol. (46 p.)
|c ill. en coul.
|d 30 cm
|
| 225 |
1 |
|
|a Princesse Sara
|v 9
|
| 330 |
|
|
|a Sara a été nommée marraine du Carnaval de Venise. Quelle joie d'expérimenter ses automates dans un décor si enchanteur ! Mais le nouveau livre de la mystérieuse Lady Berry paraît au même moment en librairie et s'intitule La Vérité sur Sara Crewe ! Sara et ses amis sont mortifiés de se découvrir racontés sous un angle si peu flatteur ! Dès sa sortie, le livre est déjà un best-seller. Nul ne sait qui sont l'imprimeur ou l'auteure, mais le livre a été imprimé à Venise. Ça ne peut pas être un hasard...
|
| 461 |
|
0 |
|t Princesse Sara
|v 9
|
| 700 |
|
0 |
|a Alwett
|b Audrey
|f 1982-....
|4 70
|
| 702 |
|
0 |
|a Moretti
|b Nora
|f 1980-....
|4 440
|
| 900 |
|
|
|a Bande Dessinée (enfants)
|
| 901 |
|
|
|a Jeunesse
|
| 995 |
|
|
|a Médiathèque
|c Médiathèque
|f 089014955
|h 089014955
|k BD PRI T.9
|o p
|q j
|r az
|e Médiathèque
|